| 000 | 00911nam a22002897a 4500 | ||
|---|---|---|---|
| 001 | 6267 | ||
| 003 | FISKH | ||
| 005 | 20250407152309.0 | ||
| 008 | 250407b cb ||||| |||| 00| 0 eng d | ||
| 020 | _a9780545158909 | ||
| 040 |
_aFISKH _beng _cFISKH _dFISKH |
||
| 050 | _aPZ5.B487 | ||
| 082 | _a813.6 | ||
| 100 | _aMetzger, Lois | ||
| 245 |
_aBite : _bScary stories to sink your teeth into / _cEdited by Lois Metzger |
||
| 250 | _aThis edition first published in 2009 | ||
| 260 |
_aNew York : _bScholastic, _c2009 |
||
| 300 |
_a115 pages : _c20 cm |
||
| 505 | _aR | ||
| 520 | _aCollects seven stories based on horror themes, including tales about werewolves, vampires, ghost dogs, and other creatures of the night. | ||
| 521 | 8 |
_a690
_bLexile |
|
| 521 | 8 |
_aR
_bRaz-Plus |
|
| 650 |
_2Vampires _aHorror |
||
| 650 |
_2Ghost story/paranormal _aCJ Snyder |
||
| 942 |
_2ddc _cBK _n0 |
||
| 999 |
_c6267 _d6267 |
||